[Event "Tournoi Skype 032A"]
[Site "Skype"]
[Date "????.??.??"]
[Round "3.2"]
[White "Quispe, Alberto"]
[Black "Ricieri, Vinicius"]
[Result "0-1"]
[WhiteElo "1680"]
[BlackElo "1878"]
[PlyCount "94"]

1. d4 Nf6 2. c4 g6 3. Nc3 d5 4. cxd5 Nxd5 5. e4 Nxc3 6. bxc3 Bg7 7. Nf3 c5 8.
Bb5+ Bd7 9. Rb1 Qa5 10. Bxd7+ Nxd7 11. O-O b5 12. Bf4 O-O 13. Qb3 a6 14. e5 c4
15. Qc2 e6 16. h3 Nb6 17. Rb2 Nd5 18. Bd2 Rfb8 19. Ra1 Qa3 20. Ng5 Bf8 21. Ne4
Be7 22. Bc1 Qa5 23. Rab1 Qc7 24. Qd2 Qc6 25. Qh6 Bf8 26. Qh4 a5 27. Bh6 Be7 28.
Bg5 Bf8 29. Bf6 b4 30. cxb4 axb4 31. Ng5 h6 32. Ne4 c3 33. Rc2 Qc4 34. Qg3 Rxa2
35. Rcc1 Rc8 36. Nd6 Bxd6 37. exd6 Nxf6 38. Qe3 Kg7 39. d5 Nxd5 40. Qe5+ Nf6
41. d7 Rd8 42. g4 Rxd7 43. Qb8 Qe2 44. Qg3 c2 45. Rxb4 Rd1+ 46. Rxd1 cxd1=Q+
47. Kh2 Qef1 0-1

[Event "Tournoi Skype 032A"]
[Site "Skype"]
[Date "????.??.??"]
[Round "3.21"]
[White "De Nobrega, George"]
[Black "Gadow, Martin"]
[Result "0-1"]
[WhiteElo "1572"]
[BlackElo "1651"]
[PlyCount "82"]

1. e4 c5 2. Nf3 e6 3. d4 cxd4 4. Nxd4 Nf6 5. e5 Qa5+ 6. Nc3 Qxe5+ 7. Be2 Bc5 8.
Nf3 Qc7 9. O-O a6 10. Bd3 d5 11. Bg5 Nbd7 12. Qd2 b5 13. Bf4 e5 14. Rfe1 Bd6
15. Bg3 O-O 16. Bf5 Re8 17. Bxd7 Bxd7 18. Bh4 b4 19. Nxd5 Nxd5 20. Qxd5 Bc6 21.
Qd1 e4 22. Nd4 Bxh2+ 23. Kh1 Be5 24. Nxc6 Qxc6 25. Rb1 Qh6 26. Qg4 f5 27. Qg5
Qe6 28. b3 Ra7 29. Rbd1 h6 30. Qe3 Bc3 31. Re2 Rd7 32. Rxd7 Qxd7 33. f3 Qd1+
34. Kh2 f4 35. Qf2 e3 36. Qg1 Qxe2 37. Kh3 g5 38. Bxg5 hxg5 39. Kg4 Qf2 40. Qh2
Qg3+ 41. Qxg3 fxg3 0-1

[Event "Tournoi Skype 032A"]
[Site "Skype"]
[Date "????.??.??"]
[Round "3.25"]
[White "Carballo, Jorge"]
[Black "Galani, Mahendra"]
[Result "1-0"]
[WhiteElo "1620"]
[BlackElo "1572"]
[PlyCount "59"]

1. e4 e5 2. Nf3 d6 3. Bc4 h6 4. O-O Nf6 5. Re1 Nbd7 6. c3 Nb6 7. Bb3 Be7 8. d4
O-O 9. dxe5 dxe5 10. Qxd8 Bxd8 11. Nxe5 Nfd7 12. Bf4 Nc5 13. Bc2 Be6 14. Be3
Na6 15. Nd2 Bf6 16. Ndf3 Nd7 17. Nxd7 Bxd7 18. Rad1 Be6 19. e5 Be7 20. Nd4 Bxa2
21. b3 c5 22. Nf5 Bd8 23. Ra1 Bxb3 24. Bxb3 b5 25. Bd5 Rc8 26. Rxa6 Bb6 27. e6
Kh8 28. exf7 Rcd8 29. Ne7 Rd7 30. Ng6+ 1-0